ბათუმის შოთა რუსთაველის სახელმწიფო უნივერსიტეტის ბიბლიოთეკა

ფიზიკური კულტურის ინსტიტუტის სტუდენტთა პედაგოგიური პრაქტიკა ზოგადსაგანმანათლებლო სკოლაში : (ბიბ.ჩანაწერი № 34873)

000 -ლიდერი
ფიქსირებული სიგრძის საკონტროლო ველი 01195nam a2200217Ia 4500
001 - საკონტროლო ნომერი
საკონტროლო ველი 692
003 - საკონტროლო ნომრის იდენტიფიკატორი
საკონტროლო ველი GE_BSU
005 - ბოლო ოპერაციის თარიღი და დრო
საკონტროლო ველი 20251118195939.0
008 - ფიქსირებული სიგრძის მონაცემთა ელემენტები - ზოგადი ინფორმაცია
ფიქსირებული სიგრძის საკონტროლო ველი 181216s1987||||ge |||||||||||||| ||geo||
040 ## - კატალოგიზაციის წყარო
Transcribing agency GE_BSU
041 ## - ენის კოდი
Language code of text/sound track or separate title geo
080 ## - უნივერსალური ათობითი კლასიფიკაციის ინდექსი
Universal Decimal Classification number 796(075.8) მ–16
100 ## - მთავარი ჩანაწერი - პიროვნების სახელი
Personal name მაისურაძე, მ.
9 (RLIN) 21041
245 ## - ცნობა სათაურის შესახებ
Title ფიზიკური კულტურის ინსტიტუტის სტუდენტთა პედაგოგიური პრაქტიკა ზოგადსაგანმანათლებლო სკოლაში :
Remainder of title : [სახელმძღვ. ფიზ. კულტურის ინ-ტის სტუდ.] /
Statement of responsibility, etc მიხეილ მაისურაძე.
264 ## - წარმოების, გამოცემის, დისტრიბუციის და სხვა ცნობები
გამოცემის, წარმოების, დისტრიბუციის... ადგილი თბილისი :
გამოცემის, წარმოების, დისტრიბუციის... სახელწოდება განათლება,
გამოცემის, წარმოების, დისტრიბუციის... თარიღი 1987.
300 ## - ფიზიკური აღწერა
Extent 101 გვ. ;
Other physical details 20 სმ.
653 ## - INDEX TERM--UNCONTROLLED
Uncontrolled term საქართველოს ფიზიკური კულტურის ინსტიტუტი
653 ## - INDEX TERM--UNCONTROLLED
Uncontrolled term სტუდენტთა პედაგოგიური პრაქტიკა
653 ## - INDEX TERM--UNCONTROLLED
Uncontrolled term მოსწავლეთა ფიზიკური აღზრდა
942 ## - ADDED ENTRY ELEMENTS (KOHA)
Koha item type წიგნი
Source of classification or shelving scheme
ეგზემპლარები
ჩამოწერის სტატუსი დაკარგული ეგზემპლარის სტატუსი კლასიფიკაციის წყარო ან თაროზე გაწყობის სქემა დაზიანების სტატუსი არ გაიცემა მუდმივი მდებარეობა (დაცვის ადგილი) ამჟამინდელი ადგილსამყოფელი თაროზე განთავსების ადგილი შეძენის თარიღი ღირებულება, შესყიდვის ნორმალური ფასი სრული შენახვის შიფრი შტრიხკოდი ბოლო ოპერაციის თარიღი ეგზემპლარის მიმდევრობითი ნომერი (კეტერი?) ფასის ძალაში შესვლის თარიღი ეგზემპლარის სახეობა საჯარო შენიშვნა
          ბათუმის შოთა რუსთაველის სახელმწიფო უნივერსიტეტის მთავარი ბიბლიოთეკა ბათუმის შოთა რუსთაველის სახელმწიფო უნივერსიტეტის მთავარი ბიბლიოთეკა წიგნსაცავი 2018-12-17 4.00 796(075.8) მ–16 1108 2018-12-17 1108 2018-12-17 წიგნი 4 ლ.